000 00405nam a2200181Ia 4500
005 20250425161343.0
008 250425s9999 xx 000 0 und d
041 _aspa
082 _a833
100 _aMANN, THOMAS
245 0 _aMARIO Y EL MAGO Y OTROS RELATOS
250 _aS.E.
260 _aBOGOTA
260 _aColombia
_bOVEJA NEGRA
_c1983
300 _a180
942 _c01
010 _a18419
999 _c207555
_d207555